|
|
|
|
| LEADER |
00000nam a2200000Ia 4500 |
| 008 |
180904b2010 cr ||||| |||| 00| | spa d |
| 999 |
|
|
|c 2300
|d 2300
|
| 090 |
|
|
|a 18.09.01
|b 2048
|
| 100 |
1 |
|
|a Acevedo Álvarez, Raziel
|9 1125
|
| 245 |
1 |
0 |
|a Factores de sesgo asociados a la evaluación docente universitaria /
|c Raziel Acevedo Álvarez
|
| 260 |
|
|
|a San José, Costa Rica :
|b INIE,
|c 2010
|
| 300 |
|
|
|a 29 páginas
|
| 500 |
|
|
|a Informe final proyecto de investigación No. 724-A9-118
|
| 650 |
1 |
4 |
|a EVALUACIÓN DEL DOCENTE
|9 3925
|
| 650 |
1 |
4 |
|a DOCENCIA UNIVERSITARIA
|9 920
|
| 942 |
|
|
|i 002526
|h 18.09.01 2048
|2 z
|c 04
|